[Event "SRI-chB"]
[Site "Narahenpita"]
[Date "2017.05.12"]
[Round "1"]
[White "Herath, HMAY"]
[Black "Thilakarathne, GMS"]
[Result "0-1"]
[WhiteElo "1554"]
[BlackElo "1850"]
[PlyCount "58"]
[EventDate "2017.05.12"]
[EventType "swiss"]
[EventRounds "10"]
[EventCountry "SRI"]
[SourceTitle "CBM 178 Extra"]
[Source "ChessBase"]
[SourceDate "2017.06.22"]
[SourceVersion "1"]
[SourceVersionDate "2017.06.22"]
[SourceQuality "1"]

1. e4 c5 2. c3 Nf6 3. e5 Nd5 4. d4 cxd4 5. cxd4 e6 6. Nf3 d6 7. exd6 Bxd6 8. Bc4 0-0 9. 0-0 Nc6 10. Nc3 Ncb4 11. Re1 b6 12. Ne4 Be7 13. a3 Nc6 14. Bd3 Bb7 15. Bc2 Nf6 16. Neg5 Rc8 17. Qd3 g6 18. Be3 Qd6 19. Nh3 Na5 20. Ne5 Be4 21. Qd1 Bxc2 22. Qd2 Nb3 23. Qe2 Nxa1 24. Rxa1 Be4 25. Rc1 Rxc1+ 26. Bxc1 Qxd4 27. Nf3 Bxf3 28. Qxf3 Rc8 29. Qe3 Qd1+ 0-1

[Event "Wch U16"]
[Site "Khanty-Mansiysk"]
[Date "2016.10.01"]
[Round "9"]
[White "Koziol, Kamil"]
[Black "Thilakarathne, GMS"]
[Result "1-0"]
[WhiteElo "2212"]
[BlackElo "1900"]
[PlyCount "60"]
[EventDate "2016.09.22"]
[EventType "swiss"]
[EventRounds "11"]
[EventCountry "RUS"]
[SourceTitle "EXT 2017"]
[Source "ChessBase"]
[SourceDate "2016.10.25"]
[SourceVersion "1"]
[SourceVersionDate "2016.10.25"]
[SourceQuality "1"]

1. e4 c5 2. Nf3 e6 3. d4 cxd4 4. Nxd4 a6 5. Bd3 Nf6 6. 0-0 Qc7 7. Qe2 d6 8. c4 g6 9. Nc3 Bg7 10. Rd1 0-0 11. Nf3 Nc6 12. h3 Nd7 13. Be3 Bxc3 14. bxc3 f6 15. Rab1 Rd8 16. Nd4 Nc5 17. f4 Na5 18. Bc2 e5 19. Nb3 Be6 20. f5 Bxc4 21. Qf2 Naxb3 22. axb3 Bf7 23. c4 Qe7 24. Rd2 a5 25. Rbd1 b6 26. h4 Kh8 27. Rf1 Rf8 28. fxg6 Bxg6 29. Bh6 Rf7 30. Qe2 Kg8 1-0

[Event "Wch U16"]
[Site "Khanty-Mansiysk"]
[Date "2016.09.30"]
[Round "8"]
[White "Garbowski, Jakub"]
[Black "Thilakarathne, GMS"]
[Result "1/2-1/2"]
[WhiteElo "2030"]
[BlackElo "1900"]
[PlyCount "65"]
[EventDate "2016.09.22"]
[EventType "swiss"]
[EventRounds "11"]
[EventCountry "RUS"]
[SourceTitle "EXT 2017"]
[Source "ChessBase"]
[SourceDate "2016.10.25"]
[SourceVersion "1"]
[SourceVersionDate "2016.10.25"]
[SourceQuality "1"]

1. e4 c5 2. Nf3 e6 3. d4 cxd4 4. Nxd4 a6 5. Bd3 Nf6 6. 0-0 Qc7 7. Qe2 d6 8. f4 Nbd7 9. Nc3 Be7 10. Kh1 b6 11. Bd2 Bb7 12. Rae1 Nc5 13. b4 Nxd3 14. cxd3 Rc8 15. Rc1 Qd7 16. Nb3 0-0 17. Be3 b5 18. a3 Rc7 19. Rc2 Rfc8 20. Rfc1 Bd8 21. Bd4 Ne8 22. Na5 Ba8 23. Qf2 Rb8 24. Nb3 f6 25. e5 Rc6 26. exd6 Rxd6 27. Nc5 Qc6 28. N3e4 Rd5 29. Re1 Bb6 30. Ng3 Nc7 31. Re4 Rd6 32. Ne2 Rd5 33. Ng3 1/2-1/2

[Event "Wch U16"]
[Site "Khanty-Mansiysk"]
[Date "2016.09.24"]
[Round "3"]
[White "Banzea, Alexandru Bogdan"]
[Black "Thilakarathne, GMS"]
[Result "1-0"]
[WhiteElo "2284"]
[BlackElo "1900"]
[PlyCount "61"]
[EventDate "2016.09.22"]
[EventType "swiss"]
[EventRounds "11"]
[EventCountry "RUS"]
[SourceTitle "EXT 2017"]
[Source "ChessBase"]
[SourceDate "2016.10.25"]
[SourceVersion "1"]
[SourceVersionDate "2016.10.25"]
[SourceQuality "1"]

1. e4 c5 2. Nf3 e6 3. d4 cxd4 4. Nxd4 a6 5. c4 Nf6 6. Nc3 Qc7 7. a3 b6 8. Be2 Bb7 9. f3 d6 10. Be3 Be7 11. Qd2 Nbd7 12. 0-0 Rc8 13. Rac1 Qb8 14. b4 0-0 15. Rfd1 Rfe8 16. Nb3 h5 17. h3 Bf8 18. Bf1 Be7 19. Qf2 Bd8 20. Na4 Ba8 21. Kh1 h4 22. c5 bxc5 23. Na5 Bxa5 24. bxa5 Rc6 25. Qxh4 Qb3 26. Nc3 Qxa3 27. Bd2 Qxa5 28. Ra1 Qd8 29. Rxa6 d5 30. Bb5 Rxa6 31. Bxa6 1-0

[Event "SRI-chB"]
[Site "Colombo"]
[Date "2016.03.19"]
[Round "5"]
[White "Kandearachchi, Niranga"]
[Black "Thilakarathne, GMS"]
[Result "0-1"]
[WhiteElo "2015"]
[BlackElo "1851"]
[PlyCount "88"]
[EventDate "2016.03.12"]
[EventType "swiss"]
[EventRounds "10"]
[EventCountry "SRI"]
[SourceTitle "CBM 171 Extra"]
[Source "ChessBase"]
[SourceDate "2016.04.26"]
[SourceVersion "1"]
[SourceVersionDate "2016.04.26"]
[SourceQuality "1"]

1. e4 c5 2. Nf3 e6 3. d4 cxd4 4. Nxd4 a6 5. Bd3 Nf6 6. 0-0 Qc7 7. c4 d6 8. Nc3 g6 9. Be3 Bg7 10. Rc1 0-0 11. f3 Nc6 12. Nd5 Nxd5 13. cxd5 exd5 14. Nxc6 bxc6 15. exd5 Qe7 16. Re1 cxd5 17. Qb3 Be6 18. Qa3 Rfb8 19. b3 a5 20. Kh1 Rb4 21. Rc6 Bd7 22. Rc7 Be5 23. Qc1 Qh4 24. f4 Rxf4 25. g3 Qg4 26. gxf4 Qf3+ 27. Kg1 Bh3 28. Bf1 Qg4+ 29. Kf2 Bf6 30. Bxh3 Bh4+ 31. Kf1 Qxh3+ 32. Ke2 Bxe1 33. Qc6 Rf8 34. Qxd5 Bb4 35. Qf3 Qxh2+ 36. Qf2 Qh5+ 37. Qf3 Qb5+ 38. Kf2 Re8 39. f5 Rxe3 40. Qxe3 Bc5 41. Rxc5 Qxc5 42. Qxc5 dxc5 43. f6 h5 44. Ke3 h4 0-1

[Event "SRI-chB"]
[Site "Colombo"]
[Date "2016.03.19"]
[Round "6"]
[White "Thilakarathne, GMS"]
[Black "Naotunna, Dineth Nimnaka"]
[Result "1/2-1/2"]
[WhiteElo "1851"]
[BlackElo "2022"]
[PlyCount "50"]
[EventDate "2016.03.12"]
[EventType "swiss"]
[EventRounds "10"]
[EventCountry "SRI"]
[SourceTitle "CBM 171 Extra"]
[Source "ChessBase"]
[SourceDate "2016.04.26"]
[SourceVersion "1"]
[SourceVersionDate "2016.04.26"]
[SourceQuality "1"]

1. e4 e6 2. d4 d5 3. Nc3 a6 4. Bd3 Nf6 5. e5 Nfd7 6. Nce2 c5 7. c3 Nc6 8. f4 b6 9. Nf3 g6 10. g4 f6 11. 0-0 Qe7 12. f5 gxf5 13. gxf5 Rg8+ 14. Kh1 fxe5 15. fxe6 e4 16. exd7+ Qxd7 17. Ng5 exd3 18. Qxd3 Bb7 19. Qxh7 Qxh7 20. Nxh7 Be7 21. Nf6+ Bxf6 22. Rxf6 0-0-0 23. Bf4 Rde8 24. Ng3 cxd4 25. cxd4 Ref8 1/2-1/2

[Event "SRI-chB"]
[Site "Colombo"]
[Date "2016.03.13"]
[Round "3"]
[White "Piyumantha, M Sasith Nipun"]
[Black "Thilakarathne, GMS"]
[Result "0-1"]
[WhiteElo "1994"]
[BlackElo "1851"]
[PlyCount "60"]
[EventDate "2016.03.12"]
[EventType "swiss"]
[EventRounds "10"]
[EventCountry "SRI"]
[SourceTitle "CBM 171 Extra"]
[Source "ChessBase"]
[SourceDate "2016.04.26"]
[SourceVersion "1"]
[SourceVersionDate "2016.04.26"]
[SourceQuality "1"]

1. d4 Nf6 2. c4 e6 3. g3 d5 4. Nf3 Be7 5. Bg2 0-0 6. 0-0 dxc4 7. Ne5 Nc6 8. Bxc6 bxc6 9. Nxc6 Qe8 10. Nxe7+ Qxe7 11. Qc2 c5 12. Qxc4 cxd4 13. Qxd4 e5 14. Qh4 h6 15. Nc3 Bb7 16. Be3 Qe6 17. f3 Rfc8 18. Bf2 e4 19. Bd4 exf3 20. exf3 Rc4 21. Rad1 Rd8 22. Qf4 Nh5 23. Qh4 Rcxd4 24. Rxd4 Qe3+ 25. Kg2 Rxd4 26. Qxh5 g6 27. Qb5 Rd2+ 28. Kh3 Bxf3 29. Rxf3 Qxf3 30. Qe8+ Kh7 0-1

[Event "World ol U16"]
[Site "Ulaanbaatar"]
[Date "2015.08.28"]
[Round "10.3"]
[White "Thilakarathne, GMS"]
[Black "Khadzhiyev, Imerali"]
[Result "0-1"]
[WhiteElo "1846"]
[BlackElo "1860"]
[PlyCount "83"]
[EventDate "2015.08.20"]
[EventType "team-swiss"]
[EventRounds "9"]
[EventCountry "MGL"]
[SourceTitle "EXT 2017"]
[Source "ChessBase"]
[SourceDate "2016.10.25"]
[SourceVersion "1"]
[SourceVersionDate "2016.10.25"]
[SourceQuality "1"]
[WhiteTeam "Sri Lanka"]
[BlackTeam "Kazakhstan II"]
[WhiteTeamCountry "SRI"]
[BlackTeamCountry "KAZ"]

1. e4 c5 2. Nf3 Nc6 3. d4 cxd4 4. Nxd4 Qb6 5. Nb3 Nf6 6. Nc3 e6 7. Qe2 d6 8. g4 Be7 9. g5 Nd7 10. Be3 Qc7 11. h4 a6 12. h5 Nc5 13. Bg2 b5 14. g6 fxg6 15. hxg6 h6 16. Bxh6 gxh6 17. Qh5 Rg8 18. g7+ Kd7 19. Nxc5+ dxc5 20. 0-0-0+ Nd4 21. Ne2 Rxg7 22. c3 Rxg2 23. cxd4 Bb7 24. dxc5+ Kc8 25. Qe8+ Bd8 26. Rxh6 Bc6 27. Rxd8+ Kb7 28. Qxc6+ Kxc6 29. Nd4+ Kb7 30. c6+ Kb6 31. Rd7 Qf4+ 32. Kd1 Qxh6 33. Rb7+ Kc5 34. Rd7 Rxf2 35. b4+ Kxb4 36. Nc2+ Ka5 37. Rc7 Qh1+ 38. Ne1 Rf1 39. Rd7 Rxe1+ 40. Kc2 Qxe4+ 41. Kb2 Re2+ 42. Kc3 0-1

[Event "World ol U16"]
[Site "Ulaanbaatar"]
[Date "2015.08.26"]
[Round "8.2"]
[White "Maguire, Tom"]
[Black "Thilakarathne, GMS"]
[Result "1-0"]
[WhiteElo "1982"]
[BlackElo "1846"]
[PlyCount "87"]
[EventDate "2015.08.20"]
[EventType "team-swiss"]
[EventRounds "9"]
[EventCountry "MGL"]
[SourceTitle "EXT 2016"]
[Source "ChessBase"]
[SourceDate "2015.10.08"]
[SourceVersion "1"]
[SourceVersionDate "2015.10.08"]
[SourceQuality "1"]
[WhiteTeam "Australia"]
[BlackTeam "Sri Lanka"]
[WhiteTeamCountry "AUS"]
[BlackTeamCountry "SRI"]

1. d4 Nf6 2. c4 e6 3. Nc3 Bb4 4. Qc2 0-0 5. Nf3 c5 6. dxc5 Na6 7. g3 Nxc5 8. Bg2 d6 9. 0-0 Bxc3 10. Qxc3 Nfe4 11. Qc2 a5 12. Nd4 f5 13. Nb3 Bd7 14. Nxc5 Nxc5 15. Rd1 Qb6 16. Bg5 Rfe8 17. Qd2 Ra6 18. Bf4 e5 19. Be3 Rc8 20. Qd5+ Kf8 21. b3 Be6 22. Bxc5 Bxd5 23. Bxb6 Bxg2 24. Bxa5 Rxa5 25. Kxg2 Ke7 26. Rd2 Ra3 27. Kf3 Rca8 28. Rb2 Kd7 29. Ke3 Kc6 30. Kd3 Kc5 31. Kc3 R8a4 32. Rd2 Ra6 33. Rad1 Rxa2 34. Rd5+ Kc6 35. Rxd6+ Kc7 36. Rd7+ Kb8 37. Rxg7 Rxe2 38. Rdd7 Rxf2 39. Rxb7+ Ka8 40. c5 e4 41. Rbe7 Rf3+ 42. Kc4 Ra4+ 43. bxa4 Rc3+ 44. Kxc3 1-0

[Event "World ol U16"]
[Site "Ulaanbaatar"]
[Date "2015.08.20"]
[Round "1.3"]
[White "Thilakarathne, GMS"]
[Black "Esipenko, Andrey"]
[Result "0-1"]
[WhiteElo "1846"]
[BlackElo "2403"]
[PlyCount "99"]
[EventDate "2015.08.20"]
[EventType "team-swiss"]
[EventRounds "9"]
[EventCountry "MGL"]
[SourceTitle "EXT 2016"]
[Source "ChessBase"]
[SourceDate "2015.10.08"]
[SourceVersion "1"]
[SourceVersionDate "2015.10.08"]
[SourceQuality "1"]
[WhiteTeam "Sri Lanka"]
[BlackTeam "Russia"]
[WhiteTeamCountry "SRI"]
[BlackTeamCountry "RUS"]

1. e4 e5 2. f4 d5 3. exd5 exf4 4. Nf3 Nf6 5. d4 Nxd5 6. Bc4 Be6 7. Qe2 Be7 8. 0-0 0-0 9. Bb3 c5 10. c4 Ne3 11. Bxe3 fxe3 12. d5 Bg4 13. Qxe3 Bf6 14. Nc3 Nd7 15. Bc2 Bxf3 16. Qxf3 Bd4+ 17. Kh1 Ne5 18. Qe4 g6 19. Ne2 Nxc4 20. Nxd4 cxd4 21. Qxd4 Nd6 22. Rae1 Qb6 23. Qxb6 axb6 24. Rf6 Rfd8 25. a3 Rac8 26. Bd3 Rc5 27. h3 Rxd5 28. Bf1 Kf8 29. Kg1 Rc8 30. Rf2 Rc7 31. g3 Nf5 32. Kg2 Rd6 33. Bb5 Nd4 34. Bf1 Ne6 35. Kh2 Kg7 36. Kg2 Rd4 37. Kh2 h5 38. Kg2 h4 39. gxh4 Rxh4 40. Kg3 Rd4 41. Ree2 Rd3+ 42. Kh2 Rb3 43. Rd2 Kf8 44. Bg2 Ke7 45. Bd5 Re3 46. Bg2 Ng7 47. Rf4 Nf5 48. Rb4 Re6 49. a4 Ne3 50. Kg3 0-1

[Event "SRI-chB"]
[Site "Malabe"]
[Date "2015.06.19"]
[Round "1"]
[White "Thilakarathne, GMS"]
[Black "Raheem, T Akeel"]
[Result "1-0"]
[WhiteElo "1890"]
[BlackElo "1567"]
[PlyCount "31"]
[EventDate "2015.06.19"]
[EventType "swiss"]
[EventRounds "10"]
[EventCountry "SRI"]
[SourceTitle "CBM 167 Extra"]
[Source "ChessBase"]
[SourceDate "2015.09.14"]
[SourceVersion "1"]
[SourceVersionDate "2015.09.14"]
[SourceQuality "1"]

1. e4 e5 2. Nc3 Nc6 3. Bc4 Nf6 4. d3 d6 5. Nge2 Be7 6. 0-0 a6 7. a4 Be6 8. Bxe6 fxe6 9. f4 Qd7 10. Bd2 exf4 11. Nxf4 e5 12. Nfd5 0-0 13. Nxe7+ Nxe7 14. Bg5 Qg4 15. Qxg4 Nxg4 16. Bxe7 1-0

[Event "Asian Schools-ch U15 11th"]
[Site "Singapore"]
[Date "2015.06.02"]
[Round "4.1"]
[White "Garidmagnai, Byambasuren"]
[Black "Thilakarathne, GMS"]
[Result "1-0"]
[WhiteElo "1910"]
[BlackElo "1868"]
[PlyCount "85"]
[EventDate "2015.05.31"]
[EventType "swiss"]
[EventRounds "7"]
[EventCountry "SIN"]
[SourceTitle "EXT 2024"]
[Source "ChessBase"]
[SourceDate "2023.10.10"]
[SourceVersion "1"]
[SourceVersionDate "2023.10.10"]
[SourceQuality "1"]

1. d4 Nf6 2. c4 e6 3. Nc3 Bb4 4. a3 Bxc3+ 5. bxc3 c5 6. e3 Nc6 7. Bd3 d6 8. Ne2 0-0 9. 0-0 b6 10. e4 Ne8 11. f4 f5 12. d5 Na5 13. Ng3 g6 14. Qe2 Nc7 15. dxe6 Bxe6 16. exf5 gxf5 17. Nxf5 Bxf5 18. Bxf5 Qf6 19. Bd3 Rae8 20. Qc2 Re7 21. Bd2 Rfe8 22. Rf3 b5 23. Rg3+ Kh8 24. Rh3 h6 25. Bg6 Nxc4 26. Bxe8 Nxe8 27. Re1 Rxe1+ 28. Bxe1 Ng7 29. Qe4 a5 30. Bh4 Qf5 31. Qe7 Kh7 32. g4 Qb1+ 33. Be1 Qg6 34. f5 Qe8 35. Qxe8 Nxe8 36. g5 Kg7 37. Rxh6 Nxa3 38. Re6 Kf7 39. g6+ Kf8 40. f6 Nc4 41. Bg3 a4 42. f7 Ng7 43. Rxd6 1-0

[Event "World School-ch U15 11th"]
[Site "Pattaya"]
[Date "2015.05.09"]
[Round "4"]
[White "Ozen, Deniz"]
[Black "Thilakarathne, GMS"]
[Result "1/2-1/2"]
[WhiteElo "2124"]
[BlackElo "1868"]
[PlyCount "47"]
[EventDate "2015.05.07"]
[EventType "swiss"]
[EventRounds "9"]
[EventCountry "THA"]
[SourceTitle "CBM 166 Extra"]
[Source "ChessBase"]
[SourceDate "2015.06.18"]
[SourceVersion "1"]
[SourceVersionDate "2015.06.18"]
[SourceQuality "1"]

1. e4 e5 2. Nf3 Nc6 3. Bb5 Nge7 4. 0-0 g6 5. Re1 Bg7 6. c3 0-0 7. h3 d5 8. d3 h6 9. Nbd2 Be6 10. exd5 Bxd5 11. Bc4 Kh7 12. Qe2 Qd7 13. Bxd5 Nxd5 14. Nc4 Rae8 15. Be3 Nxe3 16. Nxe3 f5 17. Qc2 Rd8 18. Rad1 Rfe8 19. Qb3 b6 20. Qc2 Qf7 21. a3 Kh8 22. Qa4 Qf6 23. Qc4 Qe6 24. Qa4 1/2-1/2

[Event "World School-ch U11 10th"]
[Site "Juiz de Fora"]
[Date "2014.11.29"]
[Round "4"]
[White "Thilakarathne, GMS"]
[Black "Rojas, Steven"]
[Result "1/2-1/2"]
[WhiteElo "1795"]
[BlackElo "1784"]
[PlyCount "100"]
[EventDate "2014.11.26"]
[EventType "swiss"]
[EventRounds "9"]
[EventCountry "BRA"]
[SourceTitle "EXT 2016"]
[Source "ChessBase"]
[SourceDate "2015.10.08"]
[SourceVersion "1"]
[SourceVersionDate "2015.10.08"]
[SourceQuality "1"]

1. e4 e6 2. d4 d5 3. Nc3 Nf6 4. Bg5 Bb4 5. e5 h6 6. Bd2 Bxc3 7. bxc3 Ne4 8. Qg4 g6 9. h4 c5 10. Bd3 Nxd2 11. Kxd2 Qe7 12. a3 Bd7 13. Rh3 Nc6 14. Rf3 0-0-0 15. Rf6 Kb8 16. Qf4 g5 17. Qg4 cxd4 18. cxd4 h5 19. Qxg5 Rdg8 20. Rh6 Rxg5 21. Rxh8+ Kc7 22. hxg5 Qxg5+ 23. Kc3 Qxg2 24. Ne2 Qf3 25. Kb2 Na5 26. Rh6 Nc4+ 27. Bxc4 dxc4 28. Nc3 Qxf2 29. Rxh5 b5 30. Rd1 a5 31. Na2 b4 32. axb4 Ba4 33. Rc1 Qxd4+ 34. Ka3 Bc6 35. c3 Qb6 36. Rb1 Be4 37. Rb2 axb4+ 38. Rxb4 Qc5 39. Rh4 Bd3 40. Rf4 Qf8 41. Nc1 Qa8+ 42. Ra4 Qh1 43. Nxd3 cxd3 44. Rac4+ Kb6 45. Rfd4 Qa1+ 46. Kb3 Qd1+ 47. Ka3 Qc1+ 48. Kb3 Qc2+ 49. Ka3 Qc1+ 50. Kb3 Qc2+ 1/2-1/2